Countries That End in DIA, VIA and LIA - One Minute Sprint - Statistics

General Stats
  • This quiz has been taken 75 times
  • The average score is 4 of 7
Answer Stats
Answer % Correct
Latvia
76%
India
65%
Cambodia
56%
Bolivia
44%
Australia
42%
Somalia
42%
Mongolia
38%
No matching quizzes found
Score Distribution
Percent of People with Each Score
Percentile by Number Answered
Your Score History
You have not taken this quiz